Strategies in prose (Record no. 1847)
[ view plain ]
| 000 -LEADER | |
|---|---|
| fixed length control field | 00522cam a2200181 4500 |
| 008 - FIXED-LENGTH DATA ELEMENTS--GENERAL INFORMATION | |
| fixed length control field | 700429s1970 nyu 001 0 eng |
| 020 ## - INTERNATIONAL STANDARD BOOK NUMBER | |
| ISBN | 0030836042 |
| 100 1# - MAIN ENTRY--AUTHOR | |
| Author | Ferrell, Wilfred A., |
| 245 10 - TITLE STATEMENT | |
| Title | Strategies in prose |
| Statement of responsibility, etc | [by] Wilfred A. Ferrell [and] Nicholas A. Salerno. |
| 250 ## - EDITION STATEMENT | |
| Edition statement | 2d ed. |
| 260 ## - PUBLICATION, DISTRIBUTION, ETC. (IMPRINT) | |
| Place of publication | New York, |
| Name of publisher | Holt, Rinehart and Winston |
| Date of publication | [1970] |
| 300 ## - COLLATION | |
| Pagination | xv, 606 p. |
| 650 #0 - TRACINGS | |
| Main Subject | College readers. |
| 700 1# - ADDITIONAL AUTHOR | |
| Additional Author | Salerno, Nicholas A., |
| 942 ## - ADDED ENTRY ELEMENTS (KOHA) | |
| Item type | Books |
| 050 00 - LIBRARY OF CONGRESS CALL NUMBER | |
| Classification number | PE1066 |
| Item number | .F47 1970 |
| 082 00 - DEWEY DECIMAL CLASSIFICATION NUMBER | |
| Classification number | 808.04/275 |
| Source of classification or shelving scheme | Not for loan | Permanent location | Current location | Date acquired | Accession No. | Full call number | Barcode. | Koha item type |
|---|---|---|---|---|---|---|---|---|
| Library of Congress Classification | Samuel Ogbemudia Main Library, University of Abuja | Samuel Ogbemudia Main Library, University of Abuja | 12/17/2024 | 93011675 | PE1066 .F47 1970 | 2024-2846 | Books |